Modern American English

Uloženo v:
Podrobná bibliografie
Hlavní autor: Robert J. Dixon
Médium: Kniha
Jazyk:Undetermined
Vydáno: New York Regents Publishing 1962
Témata:
Tagy: Přidat tag
Žádné tagy, Buďte první, kdo otaguje tento záznam!
Thư viện lưu trữ: Trung tâm Học liệu Trường Đại học Cần Thơ
LEADER 00472nam a2200169Ia 4500
001 CTU_45760
008 210402s9999 xx 000 0 und d
082 |a 420 
082 |b D621/T2/1962 
100 |a Robert J. Dixon 
245 0 |a Modern American English 
245 0 |c Robert J. Dixon 
260 |a New York 
260 |b Regents Publishing 
260 |c 1962 
650 |a english language - study and teaching 
980 |a Trung tâm Học liệu Trường Đại học Cần Thơ